Представление документа в формате RUSMARC

ПолеНазваниеЗначение
  Тип записи a
  Библиографический уровень a
001 Контрольный номер RU/CBS_UL/BASE/6d7141d7183445ccac35599286fab340
005 Дата корректировки 20260212182953.6
100 Данные общей обработки __
a Данные общей обработки 20260212 ||| 0rusy0189 ca
101 Язык документа 0_
a Язык текста rus
102 Страна публикации __
a Страна публикации RU
200 Заглавие и сведения об ответственности 1_
a Заглавие Даже злодеи добрые
e Сведения, относящиеся к заглавию [о художнике-иллюстраторе и карикатуристе В. Чижикове]
f Первые сведения об ответственности М. Федоровская
300 Общие примечания __
a Общие примечания 6+
461 Уровень набора _0
1 2000
a Эскиз
463 Уровень физической единицы _0
1 2000
a № 12
v С. 3-11 : фот., ил.
1 2101
d 2025
1 001RU/CBS_UL/BASE/3f074e9f71284492baccfbca7d9b4f31
600 Персоналии _1
a Персоналии (Фамилия) Чижиков
b Персоналии (Имя, инициалы) В.А.
606 Тематические рубрики 0_
a Основная рубрика Чижиков, Виктор Александрович (1935-2020)
610 Ключевые слова 0_
a Ключевые слова художники, художники советские, художники российские, художники-карикатуристы, народные художники Российской Федерации, иллюстраторы
686 Индексы других классификаций __
2 Код системы rubbk
a Классификационный индекс 85.143(2)6
700 Автор _1
a Фамилия Федоровская
b Имя (инициалы) М.
801 Источник записи _0
a Страна RU
b Организация МБУК ЦБС г. Ульяновска
c Дата составления 20260212
g Правила каталогизации RCR
801 Источник записи _1
a Страна RU
b Организация МБУК ЦБС г. Ульяновска
c Дата составления 20260212
g Правила каталогизации RCR
901 Тип документа __
t Тип документа b
w Контрольный № источника RU/CBS_UL/BASE/3f074e9f71284492baccfbca7d9b4f31
909 Создатель записи __
a Создатель записи lib1